Teleportation : The impossible leap
In a boldly speculative tour of the mind and the cosmos, Darling expounds upon the relationship between mathematics and the physical reality it describes.
Đã lưu trong:
| Príomhúdar: | |
|---|---|
| Formáid: | Leabhar |
| Teanga: | Undetermined |
| Foilsithe: |
New Jersey
John Wiley & Sons
2005
|
| Ábhair: | |
| Clibeanna: |
Cuir Clib Leis
Gan Chlibeanna, Bí ar an gcéad duine leis an taifead seo a chlibeáil!
|
| Thư viện lưu trữ: | Trung tâm Học liệu Trường Đại học Cần Thơ |
|---|
| LEADER | 00777nam a2200217Ia 4500 | ||
|---|---|---|---|
| 001 | CTU_164313 | ||
| 008 | 210402s9999 xx 000 0 und d | ||
| 020 | |c 18.58 | ||
| 082 | |a 133.8 | ||
| 082 | |b D221 | ||
| 100 | |a Darling, David J. | ||
| 245 | 0 | |a Teleportation : | |
| 245 | 4 | |b The impossible leap | |
| 245 | 0 | |c David Darling | |
| 260 | |a New Jersey | ||
| 260 | |b John Wiley & Sons | ||
| 260 | |c 2005 | ||
| 520 | |a In a boldly speculative tour of the mind and the cosmos, Darling expounds upon the relationship between mathematics and the physical reality it describes. | ||
| 650 | |a Teleportation,Quantum theory,Hiện tượng tâm linh,Lý thuyết lượng tử | ||
| 904 | |i Bạch Trúc | ||
| 980 | |a Trung tâm Học liệu Trường Đại học Cần Thơ | ||